Ohio Cities Starting With "Fair" - Statistics

General Stats
  • This quiz has been taken 17 times
  • The average score is 3 of 7
Answer Stats
Population City % Correct
44,447 Fairfield
77%
7,682 Fairlawn
69%
69 Fairview
69%
34,729 Fairborn
38%
1,743 Fairfax
31%
16,785 Fairview Park
31%
3,081 Fairport Harbor
23%
No matching quizzes found
Score Distribution
Percent of People with Each Score
Percentile by Number Answered
Your Score History
You have not taken this quiz